Stati per estensione costiera - Statistics

Statistiche generali
  • Questo quiz è stato fatto 34 volte
  • Il punteggio medio è 18 su 20
Statistiche sulle risposte
Coste (km) Continente Stato % Corretto
25 760 Oceania Australia
100%
202 080 America del Nord Canada
100%
29 751 Asia Giappone
97%
54 716 Asia / Oceania Indonesia
97%
7 914 Europa Italia
97%
15 134 Oceania Nuova Zelanda
97%
37 653 Asia / Europa Russia
97%
19 924 America del Nord Stati Uniti
97%
7 491 America del Sud Brasile
94%
13 676 Europa Grecia
94%
9 330 America del Nord Messico
94%
12 429 Europa Regno Unito
94%
6 435 America del Sud Cile
91%
14 500 Asia Cina
91%
7 000 Asia India
91%
25 148 Europa Norvegia
91%
7 200 Asia / Europa Turchia
84%
36 289 Asia Filippine
72%
7 314 Europa Danimarca
59%
6 112 Oceania Micronesia
41%
Nessun quiz corrispondente trovato
Distribuzione punteggi
Percentuale di utenti per punteggio
Percentile per numero di risposta
I tuoi punteggi nel tempo
Non hai fatto questo quiz